| 000 | 00919nam a2200289 i 4500 | ||
|---|---|---|---|
| 001 | 000041625 | ||
| 003 | DO-SdBNP | ||
| 005 | 20240412074311.0 | ||
| 007 | ta | ||
| 008 | 131014s2016 dr 000 j spa d | ||
| 020 | _a9789945583267 | ||
| 040 |
_aDO-SdBNP _bspa _cBNPHU _erda |
||
| 082 | 4 |
_aRD863.44 _bP795c, 2016 _222 |
|
| 100 | 1 |
_aPonciano, Doris, _d1959- _968407 _eautor |
|
| 245 | 1 | 3 |
_aEl círculo de las relaciones : _bhistorias reales / _cDoris Ponciano. |
| 264 |
_aSanto Domingo : _bSoto Impresora, _c2016. |
||
| 300 |
_a133 páginas ; _c23 cm. |
||
| 336 |
_2rdacontent _atexto _btxt |
||
| 337 |
_2rdamedia _asin mediación _bn |
||
| 338 |
_2rdacarrier _avolumen _bnc |
||
| 500 | _aIncluye datos biográficos de la autora en la solapa de la cubierta | ||
| 590 | _aInventariado, 2024/DG | ||
| 650 | 0 |
_aCuentos dominicanos _9176 |
|
| 650 | 0 |
_aLiteratura dominicana. _967 |
|
| 910 | _aDG | ||
| 942 |
_2ddc _cLBS1 |
||
| 999 |
_c55652 _d55652 |
||